书目信息 |
| 题名: |
混凝土腐蚀破坏的评估与修补
|
|
| 作者: | 惠云玲 , 韩雪明 译 | |
| 分册: | ||
| 出版信息: | 北京 冶金工业出版社 1991.07 |
|
| 页数: | 121页 | |
| 开本: | 32开 | |
| 丛书名: | ||
| 单 册: | ||
| 中图分类: | TU528.01 | |
| 科图分类: | ||
| 主题词: | 建筑材料:非金属材料 | |
| 电子资源: | ||
| ISBN: | 7-5024-0891-6 | |
| 000 | 00635nam0 2200205 45 | |
| 001 | 0008040957 | |
| 005 | 20000804093445.9 | |
| 010 | @a7-5024-0891-6@d2.45元 | |
| 100 | @a20000804d1991 km y0chiy0120 ea | |
| 101 | 0 | @achi |
| 105 | @a z 000yy | |
| 200 | 1 | @a混凝土腐蚀破坏的评估与修补@AHun Ning Tu Fu Shi Po Huai De Ping Gu Yu Xiu Bu@f惠云玲,韩雪明译@FHui Yun Ling,Han Xue Ming Yi |
| 210 | @a北京@c冶金工业出版社@d1991.07 | |
| 215 | @a121页@d32开 | |
| 606 | 0 | @a建筑材料:非金属材料 |
| 690 | @aTU528.01@v3 | |
| 701 | 0 | @a惠云玲@4译 |
| 701 | 0 | @a韩雪明@4译 |
| 801 | @aCN@bPftUser@c20000804 | |
| 905 | @b87143-147@dTU528.01@eSH436@f5 | |
| 混凝土腐蚀破坏的评估与修补/惠云玲,韩雪明译.-北京:冶金工业出版社,1991.07 |
| 121页;32开 |
| ISBN 7-5024-0891-6:2.45元 |
| ● |
| 相关链接 |
|
|
|
正题名:混凝土腐蚀破坏的评估与修补
索取号:TU528.01/SH436
 
预约/预借
| 序号 | 登录号 | 条形码 | 馆藏地/架位号 | 状态 | 备注 |
| 1 | 183031 | 201830313 | 建筑库201/201建筑库 7排3列1层/ [索取号:TU528.01/SH436] | 在馆 | |
| 2 | 183032 | 201830322 | 建筑库201/201建筑库 7排4列4层/ [索取号:TU528.01/SH436] | 在馆 | |
| 3 | 183033 | 201830331 | 土木与交通工程学院资料室/土木与交通学院资料室 1排1列1层/ [索取号:TU528.01/SH436] | 在馆 | |
| 4 | 183034 | 201830340 | 建筑库201/201建筑库 7排3列1层/ [索取号:TU528.01/SH436] | 在馆 | |
| 5 | 183035 | 201830359 | 自科二线404/404自科库 2排3列3层/ [索取号:TU528.01/SH436] | 在馆 | |
| 6 | 87143 | 200871431 | 土木与交通工程学院资料室/土木与交通学院资料室 1排1列1层/ [索取号:TU528.01/SH436] | 在馆 | |
| 7 | 87144 | 200871440 | 土木与交通工程学院资料室/土木与交通学院资料室 1排1列1层/ [索取号:TU528.01/SH436] | 在馆 | |
| 8 | 87145 | 200871459 | 建筑库201/201建筑库 7排4列4层/ [索取号:TU528.01/SH436] | 在馆 | |
| 9 | 87146 | 200871468 | 建筑库201/201建筑库 7排4列4层/ [索取号:TU528.01/SH436] | 在馆 | |
| 10 | 87147 | 200871477 | 土木与交通工程学院资料室/土木与交通学院资料室 1排1列1层/ [索取号:TU528.01/SH436] | 在馆 |